000 07564nam0a22008051 4500
001 RU\NLR\A1\343
005 20260408063537.0
035 _a(NLR Aleph) 009670510
090 _a9658998
_c9658998
100 _a19960523d1787 k y0rusy50 ca
101 1 _arus
_clat
102 _aRU
135 _acrcn 024anaba
140 _ay y aa yaa0000
200 1 _aБлаженнаго Августина Зеркало,
_eиз всего священнаго писания, то есть: из обоих божественных Ветхаго и Новаго заветов составленное,
_eсодержащее в себе как приказания, так и запрещения божия к поправлению жития человеческаго служащия, дабы оныя всяк читая мог самаго себя как бы в зеркале видеть и познать, повинуется ли он богу или нет.
210 _aВ Санктпетербурге
_cиждивением м[осковского] к[упца] А.С.С[ыромятникова]
_cпечатано у Шнора
_d1787
215 _a[16], 453, [3] с.
_d
300 _aЦенз. (тит. л.): С дозволения Святейшаго Правительстующаго Синода
304 _aНа с.3-9 посвящ. пер. архиепископу казанскому и свияжскому Амвросию с подписью: Иван Тодорский
305 _aЗагл. ориг.: "Speculum"
316 _aЭкз. РНБ (18.86.5.50) в цельнокожаном пер. Корешок с блинтовым тиснением, кожаной наклейкой с загл.: "Блаженнаго Августина Зеркало" и бумаж. наклейкой с номером: "599". Обрез тонир. красный. На нижней крышке пер. экслибрис Рус. фонда ГПБ с шифром. На форзаце ярлык с шифром РНБ. На с.[3] 1-го ряда, с.33 и с.[2] 2-го ряда круглый штамп ГПБ. В экз. отсутствуют правая сторона форзаца, нахзац и картон. основа нижней крышки пер. Размер: 20,7х13,4х3,8 см
_5NLR: 18.86.5.50
316 _aЭкз. РНБ (138/155) в цельнокожаном пер. Корешок с золотым тиснением (позолота частично утрачена), фрагм. бумаж. наклейки, накленным поверх ярлыка с надписью "Д.17/7" и красной кожаной наклейкой с загл.: "Блаженнаго Августина Зеркал". Обрез с раскраской. Крышки пер. украшены рамками золотого тиснения (позолота частично утрачена). На нижней крышке пер. экслибрис Рус. фонда ГПБ с шифром. На форзаце пометы техн. характера. На тит. л. и на с.17 прямоугол. штамп "Антирелигиозное отделение ГПБ". На тит. л. большой круглый штамп ГПБ с двойной рамкой. На об. тит. л. и на с.[2] 2-го ряда круглый штамп ГПБ. На с.[3] 2-го ряда прямоугол. штамп "Разн. учр."
_5NLR: 138/155
316 _aЭкз. РНБ (РЗФ 18 в. 3/817) в цельнокожаном переплете. Корешок с золотым тиснением, красной кожаной наклейкой с загл.: "Блаженнаго Августина Зеркало" и фрагм. бумаж. наклейки с цифрами: "768". Обрез тонир. красный. На нижней крышке пер. экслибрис с РЗФ РНБ с шифром. На тит. л. круглый штамп ГПБ "Дублет".
_5NLR: РЗФ 18 в. 3/817
316 _aЭкз. РНБ (РЗФ 18 в. 3/817а) в цельнокожаном переплете. Корешок с 5-ю бинтами, блинтовым тиснением и кожаной наклейкой с загл.: "Блаженнаго Августина Зеркало". Обрез тонир. красный. На нижней крышке пер. экслибрис РЗФ РНБ с шифром. Форзацы из бумаги "павлинье перо". На тит. л. круглый штамп ГПБ "Дублет". На об. нахзаца владельч. надпись: "№ 9931 1829 года / октября 24 дня билет во сто рублей".
_5NLR: РЗФ 18 в. 3/817а
317 _aЭкз. РГАДА из б-ки Ф.Ф.Мазурина
_5РГАДА
317 _aОдин из экз. ЯИАМЗ из б-ки И.А.Вахромеева
_5ЯИАМЗ
321 1 _aСК XVIII 25
325 _aКопия доступна в Электрон. б-ке РНБ
454 0 _12001#$aSpeculum
_tSpeculum
517 1 _aЗеркало
620 _dСанкт-Петербург
700 0 _4070
_8rus
_7ca
_aПсевдо-Августин
_f18 в.
_3RU\NLR\AUTH\77107548
_990473
702 0 _4330
_8rus
_7ca
_aАвгустин Аврелий
_cепископ Гиппонийский
_f354-430
_3RU\NLR\AUTH\773342
_9113342
702 1 _4730
_7ca
_8rus
_aТодорский
_bИ. С.
_f18 в.
_gИван Степанович
_9183080
_3RU\NLR\AUTH\770183131
702 1 _6z02790
_aСыромятников
_bА.С.
_f-1803
_gАлексей Степанович
_4400
702 1 _4610
_7ca
_8rus
_aШнор
_bИ. К.
_f1738-1812
_gИоганн Карл
_9158235
_3RU\NLR\AUTH\770158276
702 1 _4390
_8rus
_7ca
_aВахромеев
_bИ. А.
_f1843-1908
_gИван Александрович
_3RU\NLR\AUTH\77109382
_992307
702 1 _aМазурин
_bФ.Ф.
_f1845-1898
_gФедор Федорович
_5РГАДА
_4390
702 0 _4280
_8rus
_7ca
_aАмвросий
_cПодобедов, Андрей Иванович
_cмитрополит
_f1742-1818
_3RU\NLR\AUTH\7753497
_936429
712 0 0 _4610
_aШнор,
_gИ. K.,
_hтипография
_cПетербург
_7ba
_3RU\NLR\AUTH\8810035686
_9569792
790 0 _6z02702
_aА.С.С.
801 0 _aRU
_bNLR
_c19960523
852 _aNLR
_j18.86.5.50
852 _aNLR
_j138/155
852 _aNLR
_bРЗФ
_j18 в. 3/817
852 _aNLR
_bРЗФ
_j18 в. 3/817а
856 0 _uhttps://vivaldi.nlr.ru/bx000024879/view
856 1 _uhttps://vivaldi.nlr.ru/bx000024879/cover
856 2 _uhttps://vivaldi.nlr.ru/bx000024879/text
899 _aРГБ
899 _aБАН
899 _aЗНБ ВГУ
899 _aНГОУНБ
899 _aГПИБ
899 _aУОНБ
899 _aЯИАМЗ
_y2 экз.
899 _aРГАДА
899 _aНБЛ КГУ
942 _cBOOK
980 _aNB
980 3 _akpcivil
980 3 _akp2021
980 3 _akp
980 _aA1XVIIIv
981 2 2 _a(22) Материалы по истории России
_b(22) Религиозные конфессии
981 2 0 _a(20) Книжные памятники РНБ
_b(20) Русский книжный фонд